[Event "Titled Tuesday intern op 19th Jul Early"]
[Site "Chess.com INT"]
[Date "2022.07.19"]
[Round "3"]
[White "Kanyamarala, Trisha"]
[Black "Vainio, Ville"]
[Result "1-0"]
[WhiteElo "2270"]
[BlackElo "2162"]
[PlyCount "73"]
[EventDate "2022.07.19"]
[EventType "swiss (blitz)"]
[EventRounds "11"]
[EventCountry "USA"]
[SourceTitle "EXT 2023"]
[Source "ChessBase"]
[SourceDate "2022.10.05"]
[SourceVersion "1"]
[SourceVersionDate "2022.10.05"]
[SourceQuality "1"]

1. c4 d6 2. Nc3 e5 3. g3 f5 4. Bg2 Nf6 5. d3 Be7 6. e4 fxe4 7. dxe4 0-0 8. Nge2 Qe8 9. 0-0 Qh5 10. f3 Be6 11. Nd5 Bd8 12. Be3 Na6 13. a3 c6 14. Ndc3 Be7 15. b3 Nc7 16. Rc1 d5 17. cxd5 cxd5 18. exd5 Ncxd5 19. Nxd5 Nxd5 20. Bf2 Rad8 21. Qc2 Bg5 22. Rcd1 Ne3 23. Bxe3 Bxe3+ 24. Kh1 Rxd1 25. Qxd1 e4 26. Nc3 exf3 27. Bxf3 Qf7 28. Bg2 Qe7 29. Rxf8+ Qxf8 30. Ne4 Bb6 31. Ng5 Bf5 32. Qd5+ Kh8 33. Nf7+ Kg8 34. Nh6+ Kh8 35. Nxf5 g6 36. Qe5+ Kg8 37. Bd5+ 1-0

[Event "Titled Tuesday intern op 19th Jul Early"]
[Site "Chess.com INT"]
[Date "2022.07.19"]
[Round "10"]
[White "Novikova, Galina"]
[Black "Vainio, Ville"]
[Result "1-0"]
[WhiteElo "2073"]
[BlackElo "2162"]
[PlyCount "71"]
[EventDate "2022.07.19"]
[EventType "swiss (blitz)"]
[EventRounds "11"]
[EventCountry "USA"]
[SourceTitle "EXT 2023"]
[Source "ChessBase"]
[SourceDate "2022.10.05"]
[SourceVersion "1"]
[SourceVersionDate "2022.10.05"]
[SourceQuality "1"]

1. e4 d6 2. d4 Nf6 3. Nc3 g6 4. f3 c6 5. Be3 b5 6. Qd2 Nbd7 7. 0-0-0 Qc7 8. g4 Nb6 9. h4 h5 10. g5 Nfd7 11. f4 Bg7 12. f5 Bb7 13. Nh3 b4 14. Nb1 c5 15. fxg6 fxg6 16. Nf4 Bxe4 17. Ne6 Qb7 18. Nxg7+ Kf7 19. Bh3 Kxg7 20. dxc5 Bxh1 21. cxb6 Ne5 22. bxa7 Rhf8 23. Be6 Bc6 24. Bd4 Kh7 25. Bb3 Rxa7 26. Bxa7 Qxa7 27. Qxb4 Qe3+ 28. Qd2 Qe4 29. Qd4 Qf5 30. Nc3 Nf3 31. Qc4 Bd7 32. Kb1 Rc8 33. Qe2 Qf4 34. Qxe7+ Kh8 35. Qxd7 Nd2+ 36. Rxd2 1-0

[Event "Titled Tuesday intern op 19th Jul Early"]
[Site "Chess.com INT"]
[Date "2022.07.19"]
[Round "4"]
[White "Vainio, Ville"]
[Black "Daianu, Cristian Clement"]
[Result "0-1"]
[WhiteElo "2162"]
[BlackElo "2149"]
[PlyCount "62"]
[EventDate "2022.07.19"]
[EventType "swiss (blitz)"]
[EventRounds "11"]
[EventCountry "USA"]
[SourceTitle "EXT 2023"]
[Source "ChessBase"]
[SourceDate "2022.10.05"]
[SourceVersion "1"]
[SourceVersionDate "2022.10.05"]
[SourceQuality "1"]

1. e4 c5 2. Nf3 d6 3. d4 cxd4 4. Nxd4 Nf6 5. Nc3 a6 6. Be2 e6 7. 0-0 Qc7 8. f4 b5 9. Bf3 Bb7 10. e5 Nfd7 11. exd6 Bxd6 12. Kh1 Be7 13. Bxb7 Qxb7 14. Qg4 Nf6 15. Qh3 0-0 16. f5 e5 17. Nf3 Nc6 18. Re1 b4 19. Ne4 Nxe4 20. Rxe4 Nd4 21. Rxe5 Bf6 22. Bf4 Nxf3 23. gxf3 Bxe5 24. Bxe5 Rfe8 25. Qg3 f6 26. Bxf6 Rf8 27. Bd4 Rxf5 28. Rg1 g6 29. Kg2 Raf8 30. Rf1 Qd5 31. c3 Rg5 0-1

[Event "Titled Tuesday intern op 28th Jun Early"]
[Site "Chess.com INT"]
[Date "2022.06.28"]
[Round "10"]
[White "Vainio, Ville"]
[Black "Bintang, Rasyid A Hidayat"]
[Result "0-1"]
[WhiteElo "2162"]
[BlackElo "1820"]
[PlyCount "70"]
[EventDate "2022.06.28"]
[EventType "swiss (blitz)"]
[EventRounds "11"]
[EventCountry "USA"]
[SourceTitle "CBM 209 Extra"]
[Source "ChessBase"]
[SourceDate "2022.09.30"]
[SourceVersion "1"]
[SourceVersionDate "2022.09.30"]
[SourceQuality "1"]

1. e4 g6 2. d4 Bg7 3. Nc3 d6 4. Bg5 c5 5. Nf3 cxd4 6. Nxd4 Nc6 7. Be3 Nf6 8. Be2 0-0 9. 0-0 d5 10. exd5 Nxd5 11. Nxd5 Qxd5 12. Bf3 Qa5 13. Nxc6 bxc6 14. c3 Rb8 15. Qc1 Ba6 16. Re1 c5 17. Bf4 e5 18. Bxe5 Bxe5 19. Rxe5 Qb6 20. b3 c4 21. b4 Qf6 22. Qe3 Rfd8 23. Re1 Rd3 24. Qxa7 Rbd8 25. Re8+ Kg7 26. Rxd8 Rxd8 27. a4 Qxc3 28. Qe3 Qxb4 29. Qe5+ Kg8 30. Bd5 Qxa4 31. Qf6 Rf8 32. h4 Qd7 33. Bxf7+ Qxf7 34. Qxa6 Qxf2+ 35. Kh2 Qxe1 0-1

[Event "Titled Tuesday intern op 24th May Early"]
[Site "Chess.com INT"]
[Date "2022.05.24"]
[Round "6"]
[White "Vainio, Ville"]
[Black "Chernomordik, Pavel"]
[Result "0-1"]
[WhiteElo "2162"]
[BlackElo "2178"]
[PlyCount "54"]
[EventDate "2022.05.24"]
[EventType "swiss (blitz)"]
[EventRounds "11"]
[EventCountry "USA"]
[SourceTitle "EXT 2023"]
[Source "ChessBase"]
[SourceDate "2022.10.05"]
[SourceVersion "1"]
[SourceVersionDate "2022.10.05"]
[SourceQuality "1"]

1. e4 g6 2. d4 Bg7 3. Nc3 d6 4. Bg5 h6 5. Be3 a6 6. a4 b6 7. Qd2 Bb7 8. f3 Nd7 9. g4 e6 10. h4 Ne7 11. Nh3 d5 12. e5 c5 13. f4 cxd4 14. Bxd4 Nc6 15. Bf2 Nc5 16. Bg2 Qe7 17. 0-0 0-0-0 18. a5 bxa5 19. Na4 Ne4 20. Bxe4 dxe4 21. Qe3 Nd4 22. c3 Nb5 23. Nb6+ Kb8 24. Rxa5 Rd3 25. Qe2 Rxh3 26. Rxb5 e3 27. Nd7+ Qxd7 0-1

[Event "Titled Tuesday intern op 24th May Early"]
[Site "Chess.com INT"]
[Date "2022.05.24"]
[Round "3"]
[White "Vainio, Ville"]
[Black "Lutz, Igor Oscar"]
[Result "1-0"]
[WhiteElo "2162"]
[BlackElo "2022"]
[PlyCount "83"]
[EventDate "2022.05.24"]
[EventType "swiss (blitz)"]
[EventRounds "11"]
[EventCountry "USA"]
[SourceTitle "EXT 2023"]
[Source "ChessBase"]
[SourceDate "2022.10.05"]
[SourceVersion "1"]
[SourceVersionDate "2022.10.05"]
[SourceQuality "1"]

1. e4 c5 2. Nf3 e6 3. d4 cxd4 4. Nxd4 Nf6 5. Nc3 d6 6. Be2 Nc6 7. 0-0 Be7 8. f4 e5 9. Nb3 exf4 10. Bxf4 0-0 11. Qe1 Be6 12. Rd1 Qb6+ 13. Kh1 Ne5 14. Qg3 Nfd7 15. Bh6 Ng6 16. Be3 Qc7 17. Rd2 Rac8 18. Nb5 Qc6 19. Nxa7 Qxe4 20. Nxc8 Rxc8 21. Bd3 Qh4 22. Bxg6 Qxg3 23. Bxf7+ Bxf7 24. hxg3 Bf6 25. c3 Be5 26. Bf4 Rc6 27. Rfd1 Bh5 28. Re1 Bg4 29. Bxe5 Nxe5 30. Rd4 Bf5 31. Rf4 g6 32. Nd4 Rc5 33. Nxf5 gxf5 34. Rxf5 Nd3 35. Rxc5 dxc5 36. Re2 b6 37. Rd2 c4 38. b3 b5 39. bxc4 bxc4 40. a4 Kf7 41. a5 Ke7 42. a6 1-0

[Event "FIN-chT 1718"]
[Site "Finland"]
[Date "2018.03.11"]
[Round "11.6"]
[White "Vainio, Ville"]
[Black "Tuononen, Janne"]
[Result "0-1"]
[WhiteElo "2201"]
[BlackElo "2211"]
[PlyCount "100"]
[EventDate "2017.09.16"]
[EventType "team-tourn"]
[EventRounds "11"]
[EventCountry "FIN"]
[SourceTitle "EXT 2019"]
[Source "ChessBase"]
[SourceDate "2018.10.10"]
[SourceVersion "1"]
[SourceVersionDate "2018.10.10"]
[SourceQuality "1"]
[WhiteTeam "Turku TuTS"]
[BlackTeam "Jyvaskyla JyS"]
[WhiteTeamCountry "FIN"]
[BlackTeamCountry "FIN"]

1. e4 c6 2. d4 d5 3. Nc3 dxe4 4. Nxe4 Bf5 5. Ng3 Bg6 6. Bc4 e6 7. N1e2 Bd6 8. 0-0 Ne7 9. Bd3 Qc7 10. Kh1 Nd7 11. Nc3 Nf6 12. Bg5 Ned5 13. Nce4 Bf4 14. Qf3 Nxe4 15. Bxf4 Qxf4 16. Qxf4 Nxf4 17. Bxe4 0-0-0 18. c3 Rhe8 19. Bxg6 hxg6 20. Rad1 e5 21. dxe5 Nd3 22. Kg1 Rxe5 23. Rd2 Red5 24. c4 R5d7 25. Ne4 Nb4 26. Rxd7 Rxd7 27. a3 Nd3 28. b3 Rd4 29. f3 Nf4 30. c5 f6 31. Nd6+ Kc7 32. Re1 Kd7 33. Nxb7 Rd2 34. Re4 g5 35. Kf1 f5 36. Ra4 Ke6 37. h4 Nxg2 38. hxg5 Ne3+ 39. Ke1 Rb2 40. Na5 Kd5 41. Nc4 Rxb3 42. Nd2 Rxa3 43. Rxa3 Nc2+ 44. Ke2 Nxa3 45. Kd3 Kxc5 46. f4 Kd5 47. Nf1 Nc4 48. Ng3 g6 49. Nxf5 gxf5 50. g6 Ke6 0-1

[Event "FIN-chT 1718"]
[Site "Finland"]
[Date "2017.10.21"]
[Round "3.7"]
[White "Vainio, Ville"]
[Black "Hartikainen, Markku"]
[Result "0-1"]
[WhiteElo "2201"]
[BlackElo "2253"]
[PlyCount "58"]
[EventDate "2017.09.16"]
[EventType "team-tourn"]
[EventRounds "11"]
[EventCountry "FIN"]
[SourceTitle "EXT 2019"]
[Source "ChessBase"]
[SourceDate "2018.10.10"]
[SourceVersion "1"]
[SourceVersionDate "2018.10.10"]
[SourceQuality "1"]
[WhiteTeam "Turku TuTS"]
[BlackTeam "Salo SalSK"]
[WhiteTeamCountry "FIN"]
[BlackTeamCountry "FIN"]

1. e4 c5 2. Nf3 d6 3. d4 cxd4 4. Nxd4 Nf6 5. Nc3 g6 6. Be2 Bg7 7. 0-0 Nc6 8. Be3 0-0 9. f4 Bg4 10. Bf3 Qd7 11. h3 Bxf3 12. Qxf3 Rac8 13. Rad1 Qc7 14. Rf2 a6 15. g4 Rfe8 16. g5 Nd7 17. Nd5 Qa5 18. f5 Nce5 19. Qf4 Qxa2 20. f6 Bf8 21. fxe7 Bxe7 22. Nf6+ Bxf6 23. gxf6 Kh8 24. Qh6 Rg8 25. Bg5 Qxb2 26. Rf4 Nf8 27. Ne6 Nf3+ 28. Kg2 Nxe6 29. Rxf3 Rxc2+ 0-1

[Event "FIN-chT 1617"]
[Site "Finland"]
[Date "2016.12.11"]
[Round "6.6"]
[White "Vainio, Ville"]
[Black "Vinke, Dietmar"]
[Result "1/2-1/2"]
[WhiteElo "2188"]
[BlackElo "2123"]
[PlyCount "46"]
[EventDate "2016.09.17"]
[EventType "team-tourn"]
[EventRounds "11"]
[EventCountry "FIN"]
[SourceTitle "EXT 2018"]
[Source "ChessBase"]
[SourceDate "2017.10.13"]
[SourceVersion "1"]
[SourceVersionDate "2017.10.13"]
[SourceQuality "1"]
[WhiteTeam "Turku TuTS"]
[BlackTeam "Oulu OSS"]
[WhiteTeamCountry "FIN"]
[BlackTeamCountry "FIN"]

1. e4 c6 2. d4 d5 3. Nc3 dxe4 4. Nxe4 g6 5. c3 Bg7 6. Bd3 Nd7 7. Nf3 Ngf6 8. Qe2 Nxe4 9. Qxe4 Nc5 10. Qe2 Nxd3+ 11. Qxd3 0-0 12. Bf4 c5 13. 0-0 cxd4 14. cxd4 Be6 15. Rfd1 Bd5 16. Be5 f6 17. Bf4 Qd7 18. Nd2 Rac8 19. Nf1 Rc6 20. Ne3 a6 21. Re1 e6 22. Re2 Rd8 23. b3 Rdc8 1/2-1/2

[Event "FIN-chT 1617"]
[Site "Finland"]
[Date "2016.12.10"]
[Round "5.6"]
[White "Franssila, Tommi"]
[Black "Vainio, Ville"]
[Result "1/2-1/2"]
[WhiteElo "2198"]
[BlackElo "2188"]
[PlyCount "107"]
[EventDate "2016.09.17"]
[EventType "team-tourn"]
[EventRounds "11"]
[EventCountry "FIN"]
[SourceTitle "EXT 2018"]
[Source "ChessBase"]
[SourceDate "2017.10.13"]
[SourceVersion "1"]
[SourceVersionDate "2017.10.13"]
[SourceQuality "1"]
[WhiteTeam "Jyvaskyla JyS"]
[BlackTeam "Turku TuTS"]
[WhiteTeamCountry "FIN"]
[BlackTeamCountry "FIN"]

1. e4 c5 2. c3 d5 3. exd5 Qxd5 4. d4 Nc6 5. Nf3 Bg4 6. Be2 cxd4 7. cxd4 e6 8. 0-0 Nf6 9. Nc3 Qa5 10. h3 Bh5 11. Be3 Bd6 12. Qb3 Qb4 13. Nb5 Bb8 14. Qxb4 Nxb4 15. Rac1 0-0 16. Nc7 Bxc7 17. Rxc7 Rab8 18. g4 Bg6 19. Ne5 Be4 20. Rc4 Nbd5 21. Bd2 Nb6 22. Rcc1 Rfd8 23. f3 Bg6 24. h4 h6 25. Nxg6 fxg6 26. Bf4 Rbc8 27. Bc7 Rd7 28. Be5 Rxc1 29. Rxc1 Nfd5 30. Bd3 g5 31. hxg5 hxg5 32. Kf2 Nf4 33. Be4 Kf7 34. Rc7 Rxc7 35. Bxc7 Nbd5 36. Bd6 Ke8 37. a3 Kd7 38. Be5 Nf6 39. Bxf4 Nxe4+ 40. Ke3 Nd6 41. Bxg5 Nc4+ 42. Ke4 Nxb2 43. d5 Nc4 44. dxe6+ Kxe6 45. Bc1 g6 46. Kd4 Ne5 47. Ke4 Nc4 48. a4 Nb6 49. Be3 Nxa4 50. Bxa7 Nc3+ 51. Kf4 Nd5+ 52. Kg5 Kf7 53. f4 b5 54. f5 1/2-1/2

[Event "FIN-chT 1617"]
[Site "Finland"]
[Date "2016.10.09"]
[Round "4.6"]
[White "Wikman, Jimmy"]
[Black "Vainio, Ville"]
[Result "0-1"]
[WhiteElo "2036"]
[BlackElo "2188"]
[PlyCount "78"]
[EventDate "2016.09.17"]
[EventType "team-tourn"]
[EventRounds "11"]
[EventCountry "FIN"]
[SourceTitle "EXT 2017"]
[Source "ChessBase"]
[SourceDate "2016.10.25"]
[SourceVersion "1"]
[SourceVersionDate "2016.10.25"]
[SourceQuality "1"]
[WhiteTeam "Karjaa KarjUra"]
[BlackTeam "Turku TuTS"]
[WhiteTeamCountry "FIN"]
[BlackTeamCountry "FIN"]

1. e4 e6 2. d4 d5 3. exd5 exd5 4. Nf3 Bd6 5. h3 Ne7 6. Bd3 0-0 7. Ng5 Bf5 8. g4 Bxd3 9. Qxd3 Ng6 10. h4 Re8+ 11. Kf1 Qe7 12. Bd2 h6 13. h5 Nf8 14. Nh3 Qe4 15. Qxe4 Rxe4 16. g5 hxg5 17. Nxg5 Rxd4 18. h6 gxh6 19. Nf3 Rg4 20. Nc3 c6 21. Rxh6 Bf4 22. Bxf4 Rxf4 23. Kg2 Rg4+ 24. Kh2 Nbd7 25. Re1 Ng6 26. Kh3 Rb4 27. Nh4 Kg7 28. Nf5+ Kf6 29. Ne7 Rxb2 30. f4 Rxc2 31. Re3 d4 32. Ne4+ Kxe7 33. Re1 Nxf4+ 34. Kg3 Nd3 35. Rf1 Rg8+ 36. Kh3 N7e5 37. Nd6 Nd7 38. Ne4 N3e5 39. Nd6 Rc3+ 0-1

[Event "FIN-chT2 Gp1 1516"]
[Site "Finland"]
[Date "2016.01.09"]
[Round "5.2"]
[White "Vainio, Ville"]
[Black "Puhtila, Marko"]
[Result "1-0"]
[WhiteElo "2150"]
[BlackElo "2097"]
[PlyCount "91"]
[EventDate "2015.09.12"]
[EventType "team-tourn"]
[EventRounds "6"]
[EventCountry "FIN"]
[SourceTitle "EXT 2017"]
[Source "ChessBase"]
[SourceDate "2016.10.25"]
[SourceVersion "1"]
[SourceVersionDate "2016.10.25"]
[SourceQuality "1"]
[WhiteTeam "Turku TuTS II"]
[BlackTeam "Turku AS"]
[WhiteTeamCountry "FIN"]
[BlackTeamCountry "FIN"]

1. Nf3 d5 2. g3 Nf6 3. Bg2 g6 4. 0-0 Bg7 5. d3 c5 6. Nbd2 Nc6 7. e4 dxe4 8. dxe4 0-0 9. Qe2 Qc7 10. Nc4 Bg4 11. c3 Bxf3 12. Bxf3 Ne5 13. Nxe5 Qxe5 14. Re1 Rad8 15. Bf4 Qe6 16. Qb5 b6 17. Qa4 Qd7 18. Qb3 e6 19. e5 Ne8 20. Bg5 Rc8 21. Qd1 Qc7 22. Qe2 h6 23. Bf4 Rd8 24. h4 Qb8 25. Rad1 Nc7 26. Rd6 Ne8 27. Rxd8 Qxd8 28. Rd1 Qc7 29. Qe3 Kh7 30. Be4 Qe7 31. Bc6 Qc7 32. Ba4 Qb8 33. Rd7 Nc7 34. Bc2 Qc8 35. Qd3 Nd5 36. Rd6 Nxf4 37. gxf4 h5 38. Rd7 Qc6 39. Rxa7 c4 40. Qe2 Kg8 41. Be4 Qc5 42. Qd2 Bh6 43. Bxg6 b5 44. Qd7 Bxf4 45. Bxf7+ Kh8 46. Bg6 1-0

[Event "FIN-chT2 Gp1 1516"]
[Site "Finland"]
[Date "2015.09.12"]
[Round "1.1"]
[White "Vainio, Ville"]
[Black "Pelto, Juho"]
[Result "1-0"]
[WhiteElo "2150"]
[BlackElo "2067"]
[PlyCount "59"]
[EventDate "2015.09.12"]
[EventType "team-tourn"]
[EventRounds "6"]
[EventCountry "FIN"]
[SourceTitle "EXT 2017"]
[Source "ChessBase"]
[SourceDate "2016.10.25"]
[SourceVersion "1"]
[SourceVersionDate "2016.10.25"]
[SourceQuality "1"]
[WhiteTeam "Turku TuTS II"]
[BlackTeam "Salo SalSK II"]
[WhiteTeamCountry "FIN"]
[BlackTeamCountry "FIN"]

1. e4 c5 2. Nf3 Nc6 3. d4 cxd4 4. Nxd4 g6 5. Nc3 Bg7 6. Be3 Nf6 7. Nxc6 bxc6 8. e5 Nd5 9. Nxd5 cxd5 10. Qxd5 Rb8 11. Bxa7 Rxb2 12. Bd4 Rxc2 13. Bd3 Rc6 14. 0-0 Ba6 15. Bxa6 Rxa6 16. a4 0-0 17. Rfe1 Qa8 18. Qa2 d6 19. a5 Rb8 20. f4 Rb4 21. Qf2 h5 22. Rad1 dxe5 23. fxe5 Rb8 24. Bb6 Qb7 25. e6 fxe6 26. Rxe6 Rf8 27. Qc2 Rf6 28. Rxf6 exf6 29. Qxg6 Rxb6 30. Rd8# 1-0

[Event "FIN-chT 1415"]
[Site "Finland"]
[Date "2014.10.19"]
[Round "4.7"]
[White "Laine, Panu"]
[Black "Vainio, Ville"]
[Result "1-0"]
[WhiteElo "2117"]
[BlackElo "2160"]
[PlyCount "79"]
[EventDate "2014.09.27"]
[EventType "team-tourn"]
[EventRounds "11"]
[EventCountry "FIN"]
[SourceTitle "EXT 2016"]
[Source "ChessBase"]
[SourceDate "2015.10.08"]
[SourceVersion "1"]
[SourceVersionDate "2015.10.08"]
[SourceQuality "1"]
[WhiteTeam "Espoo MatSK"]
[BlackTeam "Turku TuTS"]
[WhiteTeamCountry "FIN"]
[BlackTeamCountry "FIN"]

1. e4 d6 2. d4 Nf6 3. Nc3 g6 4. Be3 c6 5. h3 b5 6. e5 Ng8 7. Nf3 Bg7 8. Qd2 Nd7 9. Bf4 d5 10. g4 e6 11. Bd3 a6 12. Ne2 c5 13. c3 Qb6 14. Be3 c4 15. Bc2 Bb7 16. b3 f6 17. exf6 Ngxf6 18. Nf4 0-0-0 19. 0-0-0 Kb8 20. Kb2 Rhf8 21. Rde1 Ng8 22. Ng5 Rde8 23. Nxh7 Rxf4 24. Bxf4+ e5 25. dxe5 Ka8 26. Qd4 Qe6 27. Be3 Kb8 28. f4 Ne7 29. Ng5 Qg8 30. Rhf1 Nc6 31. Qd2 Bf8 32. Rd1 b4 33. Qxd5 bxc3+ 34. Kb1 Qxd5 35. Rxd5 Kc7 36. Bxg6 Re7 37. Rd6 Rg7 38. Ne6+ Kc8 39. Nxg7 Bxg7 40. Bf5 1-0

[Event "FIN-chT 1314"]
[Site "Finland"]
[Date "2014.03.08"]
[Round "10.7"]
[White "Vainio, Ville"]
[Black "Saastamoinen, Aarne"]
[Result "1-0"]
[WhiteElo "2167"]
[BlackElo "2107"]
[PlyCount "67"]
[EventDate "2013.09.21"]
[EventType "team-tourn"]
[EventRounds "11"]
[EventCountry "FIN"]
[SourceTitle "EXT 2015"]
[Source "ChessBase"]
[SourceDate "2014.11.20"]
[SourceVersion "1"]
[SourceVersionDate "2014.11.20"]
[SourceQuality "1"]
[WhiteTeam "Turku TuTS"]
[BlackTeam "Joensuu SK"]
[WhiteTeamCountry "FIN"]
[BlackTeamCountry "FIN"]

1. e4 c5 2. Nf3 Nc6 3. d4 cxd4 4. Nxd4 Nf6 5. Nc3 e5 6. Ndb5 d6 7. Bg5 a6 8. Na3 b5 9. Bxf6 gxf6 10. Nd5 Bg7 11. c3 f5 12. Bd3 0-0 13. exf5 Qg5 14. Qf3 e4 15. Bxe4 Re8 16. 0-0 Ra7 17. Rad1 Kh8 18. Nb6 Ne5 19. Qg3 Qf6 20. Rfe1 Rg8 21. Nxc8 Rxc8 22. Qe3 Rd7 23. Qb6 Rg8 24. Qxa6 Ng4 25. h3 Nxf2 26. Kxf2 Qh4+ 27. Kf1 Re7 28. Bf3 Be5 29. Qb6 Rge8 30. Nc2 Qc4+ 31. Kg1 Qf4 32. Re4 Qh2+ 33. Kf1 Bg3 34. Rxe7 1-0

[Event "FIN-chT1 West 1213"]
[Site "Finland"]
[Date "2013.01.12"]
[Round "5.5"]
[White "Erkelenz, Ralf"]
[Black "Vainio, Ville"]
[Result "1-0"]
[WhiteElo "2068"]
[BlackElo "2196"]
[PlyCount "109"]
[EventDate "2012.09.29"]
[EventType "team-tourn"]
[EventRounds "7"]
[EventCountry "FIN"]
[SourceTitle "EXT 2019"]
[Source "ChessBase"]
[SourceDate "2018.10.10"]
[SourceVersion "1"]
[SourceVersionDate "2018.10.10"]
[SourceQuality "1"]
[WhiteTeam "Pori PSY"]
[BlackTeam "Turku TuTS"]
[WhiteTeamCountry "FIN"]
[BlackTeamCountry "FIN"]

1. e4 d6 2. d4 Nf6 3. Bd3 e5 4. d5 c6 5. c4 Na6 6. Nc3 Nc5 7. Bc2 a5 8. b3 cxd5 9. exd5 Bg4 10. Nge2 Nfd7 11. f3 Bh5 12. Be3 Bg6 13. Ng3 Rc8 14. 0-0 Be7 15. Nf5 Bxf5 16. Bxf5 g6 17. Bc2 f5 18. Qe2 0-0 19. Rab1 Bg5 20. Bf2 Re8 21. Nb5 Nf6 22. Be1 Nh5 23. g3 e4 24. f4 Bf6 25. Bf2 Qe7 26. Be3 Red8 27. Qd2 Bg7 28. a3 Nf6 29. Qxa5 Ng4 30. Qd2 Nxe3 31. Qxe3 Nd7 32. Rfc1 Nf6 33. Bd1 Rc5 34. Be2 Kh8 35. Nd4 Nxd5 36. cxd5 Rxd5 37. Rd1 Qf6 38. Nc2 Rc5 39. Nb4 Rdc8 40. a4 h5 41. Bc4 Qd8 42. Nd5 Kh7 43. Rd2 Qh8 44. Rbd1 Bf8 45. Kg2 Re8 46. Nc3 Rc7 47. Nb5 Rd7 48. Nxd6 Red8 49. Nxe4 Rxd2+ 50. Rxd2 Rxd2+ 51. Nxd2 Qb2 52. Qe2 Bc5 53. Nf3 Qc1 54. Ng5+ Kh6 55. Nf3 1-0

[Event "FIN-chT 0910"]
[Site "Finland"]
[Date "2010.02.13"]
[Round "6.5"]
[White "Koskinen, Henri"]
[Black "Vainio, Ville"]
[Result "1/2-1/2"]
[WhiteElo "2297"]
[BlackElo "2214"]
[PlyCount "64"]
[EventDate "2009.09.19"]
[EventType "team-tourn"]
[EventRounds "9"]
[EventCountry "FIN"]
[SourceTitle "EXT 2022"]
[Source "ChessBase"]
[SourceDate "2021.10.06"]
[SourceVersion "1"]
[SourceVersionDate "2021.10.06"]
[SourceQuality "1"]
[WhiteTeam "Vantaa EtVaS"]
[BlackTeam "Turku TS"]
[WhiteTeamCountry "FIN"]
[BlackTeamCountry "FIN"]

1. Nf3 d6 2. d4 Bg4 3. e4 Nf6 4. h3 Bh5 5. Bd3 Nc6 6. c3 e5 7. d5 Nb8 8. Be3 Bg6 9. Qb3 Nbd7 10. Nbd2 Qb8 11. Nh4 Be7 12. Nxg6 hxg6 13. 0-0-0 a6 14. Nc4 b6 15. Kb1 0-0 16. g4 Rc8 17. f3 c5 18. dxc6 Rxc6 19. h4 Nc5 20. Bxc5 dxc5 21. Ne3 b5 22. c4 Rb6 23. Qc2 Bf8 24. h5 g5 25. Nd5 Nxd5 26. exd5 bxc4 27. Bxc4 Rf6 28. Rd3 Rf4 29. Rb3 Qd6 30. Rd1 Be7 31. Bd3 a5 32. Be4 a4 1/2-1/2